Safety at work: the limits of self-regulation

Saved in:  
Bibliographic Details
Contributors: Dawson, Sandra (Other)
Format: Print Book
Language:English
Published: Cambridge [u.a.] Cambridge Univ. Press 1988
In: Cambridge studies in management (12)
Year: 1988
Edition:1. publ.
Availability in Tübingen:Present in Tübingen.
UB: KB 18 A 7678
Check availability: HBZ Gateway
Subito Delivery Service: Order now.
Keywords:

MARC

LEADER 00000cam a2200000 c 4500
001 235180300
003 DE-627
005 20251222210213.0
007 tu
008 971008s1988 xxk||||| 00| ||eng c
016 7 |a b8825656  |2 UK 
020 |a 0521354978  |9 0-521-35497-8 
035 |a (DE-627)235180300 
035 |a (DE-576)016785584 
035 |a (DE-599)GBV235180300 
035 |a (OCoLC)832999274 
035 |a (OCoLC)17732116 
035 |a (DE-604)8013272233 
040 |a DE-627  |b ger  |c DE-627  |e rakwb 
041 |a eng 
044 |c XA-GB  |c XD-US  |c XE-AU 
082 0 |a 363.1/1/0941 
084 |a QP 350  |2 rvk  |0 (DE-625)rvk/141867: 
245 0 0 |a Safety at work  |b the limits of self-regulation  |c Sandra Dawson ... 
250 |a 1. publ. 
264 1 |a Cambridge [u.a.]  |b Cambridge Univ. Press  |c 1988 
300 |a XXI, 310 S  |b graph. Darst 
336 |a Text  |b txt  |2 rdacontent 
337 |a ohne Hilfsmittel zu benutzen  |b n  |2 rdamedia 
338 |a Band  |b nc  |2 rdacarrier 
490 1 |a Cambridge studies in management  |v 12 
500 |a Literaturverzeichnis S. 292 - 303 
583 1 |a Archivierung prüfen  |c 20200919  |f DE-640  |z 2  |2 pdager 
583 1 |a Archivierung prüfen  |c 20240324  |f DE-4165  |z 1  |2 pdager 
583 1 |a Archivierung/Langzeitarchivierung gewährleistet  |c 20240722  |f NI-LastCopies  |x XA-DE-NI  |z Potenzieller Alleinbesitz Niedersachsen  |2 pdager  |5 DE-89 
689 0 0 |d g  |0 (DE-588)4022153-2  |0 (DE-627)104665513  |0 (DE-576)208942076  |a Großbritannien  |2 gnd 
689 0 1 |d s  |0 (DE-588)4068817-3  |0 (DE-627)106104888  |0 (DE-576)209174781  |a Arbeitssicherheit  |2 gnd 
689 0 2 |a z  |2 gnd  |a Geschichte 1974-1988 
689 0 |5 (DE-627) 
689 1 0 |d s  |0 (DE-588)4068817-3  |0 (DE-627)106104888  |0 (DE-576)209174781  |a Arbeitssicherheit  |2 gnd 
689 1 |5 (DE-627) 
700 1 |a Dawson, Sandra  |4 oth 
830 0 |a Cambridge studies in management  |v 12  |9 12  |w (DE-627)130892777  |w (DE-576)013915525  |w (DE-600)1041354-6  |7 am 
935 |i Blocktest 
936 r v |a QP 350  |b Systemforschung  |k Wirtschaftswissenschaften  |k Allgemeine Betriebswirtschaftslehre  |k Unternehmensführung  |k Systemforschung  |0 (DE-627)1270805169  |0 (DE-625)rvk/141867:  |0 (DE-576)200805169 
951 |a BO 
ELC |b 1 
LOK |0 000 xxxxxcx a22 zn 4500 
LOK |0 001 3309788997 
LOK |0 003 DE-627 
LOK |0 004 235180300 
LOK |0 005 20151022140050 
LOK |0 008 910408||||||||||||||||ger||||||| 
LOK |0 040   |a DE-21  |c DE-627  |d DE-21 
LOK |0 852   |a DE-21 
LOK |0 852 1  |c KB 18 A 7678  |9 00 
LOK |0 935   |a krim 
LOK |0 939   |a 08-04-91  |b l01 
ORI |a SA-MARC-krimdoka001.raw 
SIG |a UB: KB 18 A 7678 
TIM |a 100019740101_100019881231  |b Geschichte 1974-1988